000 00473nmm a2200169Ia 4500
008 251105s9999||||xx |||||||||||||||||und||
020 _a9788415625773
041 _aspa
100 _aHalfón, Eduardo
245 0 _aMonasterio
264 _a[Madrid, España] :
_bLibros del asteroide,
_c2014
300 _a128 páginas
490 _aLibros del Asteroide
650 _aLatin American narrative
856 _uhttps://public.digitaliapublishing.com/a/31700
942 _cCF
999 _c76910
_d76910